000 00431nam a2200157 a 4500
005 20140412111426.0
008 090630s19uu xx 00 eng d
020 _a0-439-65023-2
050 _aM 745.5
_bT59 2004
100 _aThomas, John
245 _aThe Ultimate book of Kid Concoctions /
_cJohn and Danita Thomas.
260 _aU.S.A :
_bScholastic,
_c2004.
300 _a80p.
700 _aThomas, Danita
999 _c106239
_d106239